Philosophy : (Record no. 2908)

000 -LEADER
fixed length control field 01271cam a2200289 a 4500
001 - CONTROL NUMBER
control field 13786273
003 - CONTROL NUMBER IDENTIFIER
control field OSt
005 - DATE AND TIME OF LATEST TRANSACTION
control field 20180117085952.0
008 - FIXED-LENGTH DATA ELEMENTS--GENERAL INFORMATION
fixed length control field 041118s2005 at a b 001 0 eng
010 ## - LIBRARY OF CONGRESS CONTROL NUMBER
LC control number 2004616766
020 ## - INTERNATIONAL STANDARD BOOK NUMBER
International Standard Book Number 0534626289 (hard)
040 ## - CATALOGING SOURCE
Original cataloging agency DLC
Transcribing agency DLC
Modifying agency DLC
050 00 - LIBRARY OF CONGRESS CALL NUMBER
Classification number BD21
Item number .V4 2005
082 00 - DEWEY DECIMAL CLASSIFICATION NUMBER
Classification number 100
Edition number 22
100 1# - MAIN ENTRY--PERSONAL NAME
Personal name Velasquez, Manuel G.
245 10 - TITLE STATEMENT
Title Philosophy :
Remainder of title a text with readings /
Statement of responsibility, etc. Manuel Velasquez.
250 ## - EDITION STATEMENT
Edition statement 9th ed.
260 ## - PUBLICATION, DISTRIBUTION, ETC.
Place of publication, distribution, etc. Southbank, Vic., Australia ; Belmont, CA :
Name of publisher, distributor, etc. Thomson/Wadsworth,
Date of publication, distribution, etc. c2005.
300 ## - PHYSICAL DESCRIPTION
Extent xiv, 745 p. :
Other physical details ill. ;
Dimensions 24 cm. +
Accompanying material 1 CD-ROM (4 3/4 in.)
504 ## - BIBLIOGRAPHY, ETC. NOTE
Bibliography, etc. note Includes bibliographical references and index.
538 ## - SYSTEM DETAILS NOTE
System details note System requirements for accompanying CD-ROM: Pentium procesor/Quadra class (68040) or better; Windows 95 or better; or Mac OS 8.1 or better; 12 MB RAM; 4MB HD space; 4x CD drive.
650 #0 - SUBJECT ADDED ENTRY--TOPICAL TERM
Topical term or geographic name entry element Philosophy
Form subdivision Introductions.
906 ## - LOCAL DATA ELEMENT F, LDF (RLIN)
a 7
b cbc
c orignew
d 3
e ncip
f 20
g y-gencatlg
942 ## - ADDED ENTRY ELEMENTS (KOHA)
Source of classification or shelving scheme
Koha item type Book
Holdings
Withdrawn status Lost status Source of classification or shelving scheme Damaged status Not for loan Collection code Permanent Location Current Location Shelving location Date acquired Total Checkouts Full call number Barcode Checked out Date last seen Date last checked out Price effective from Koha item type
            Central Library (CL) Central Library (CL) General Stacks 03/24/2016 1 100 VEL S3H-N-319 01/18/2018 12/19/2017 12/19/2017 03/24/2016 Book
© 2023 Central Library, National University of Sciences and Technology. All Rights Reserved.